Garibaldi: and the thousand, (Record no. 552992)

000 -LEADER
fixed length control field 00609cam a22001571 4500
082 ## - DEWEY DECIMAL CLASSIFICATION NUMBER
Classification number 945.0926
Author Mark TRE
100 1# - MAIN ENTRY--PERSONAL NAME
Personal name Trevelyan, George Macaulay,
9 (RLIN) 46482
245 10 - TITLE STATEMENT
Title Garibaldi: and the thousand,
Statement of responsibility, etc. by George Macaulay Trevelyan ... with five maps and numerous illustrations.
250 ## - EDITION STATEMENT
Edition statement 2d impression.
260 ## - PUBLICATION, DISTRIBUTION, ETC.
Place of publication, distribution, etc. London,
-- New York [etc.]
Name of publisher, distributor, etc. Longmans, Green, and co.,
Date of publication, distribution, etc. 1909.
300 ## - PHYSICAL DESCRIPTION
Extent xv, [1], 395 p.
Other physical details front., plates, ports., 5 maps (3 fold.)
Dimensions 24 cm.
526 ## - STUDY PROGRAM INFORMATION NOTE
Program name 0
Interest level 0
Reading level 0
Title point value 945_092600000000000_TRE
650 ## - SUBJECT ADDED ENTRY--TOPICAL TERM
Topical term or geographic name entry element MCE
9 (RLIN) 379
856 41 - ELECTRONIC LOCATION AND ACCESS
Uniform Resource Identifier <a href="http://hdl.loc.gov/loc.gdc/scd0001.00089260929">http://hdl.loc.gov/loc.gdc/scd0001.00089260929</a>
942 ## - ADDED ENTRY ELEMENTS (KOHA)
Source of classification or shelving scheme
Koha item type Book
Holdings
Withdrawn status Lost status Source of classification or shelving scheme Damaged status Not for loan Permanent Location Current Location Shelving location Date acquired Total Checkouts Full call number Barcode Date last seen Price effective from Koha item type
          Military College of Engineering (MCE) Military College of Engineering (MCE)   01/28/2015   945.0926 TRE MCE-ECG/44 01/28/2015 01/28/2015 Book
© 2023 Central Library, National University of Sciences and Technology. All Rights Reserved.